000 00448nam a2200193Ia 4500
001 17400
003 GE_BSU
008 181216s||||||||xx |||||||||||||| ||und||
020 _a9781405820080
040 _cGE_BSU
080 _a811.111
100 _aFoley,Mark. Hall,Diane
245 _aTotal English. Workbook (With key)
260 _c2005
300 _a96p.
541 _h6Gel.
653 _aTotal English. Intermediate.Workbook
942 _cBK
999 _c50454
_d50454